000 00446nam a22001817a 4500
005 20240130105043.0
008 240130b |||||||| |||| 00| 0 eng d
020 _a0-07-058-204-1
041 _aeng
082 _a658.8
100 _aLEVY, MICHAEL AND WEITZ, BARTON A.
_98408
245 _aRETAILING MANAGEMENT
250 _a5TH, ED.
260 _aNEW DELHI
_bTATA MCGRAW HILL
_c2003
300 _a775;P
650 _aMANAGEMENT
942 _cBK
999 _c8495
_d8493